Hacia un concepto de la literatura española: ensayos elegidos 1931 1941

Saved in:
Bibliografiske detaljer
Hovedforfatter: Díaz-Plaja, Guillermo (Author)
Format: Bog
Sprog:spansk
Udgivet: Buenos Aires Espasa-Calpe 1942
Serier:Colección Austral, 297
Fag:
Tags: Tilføj Tag
Ingen Tags, Vær først til at tagge denne postø!

MARC

LEADER 00000nam a2200000 a 4500
001 UCU0342
003 CL-VaPUC
008 960322e19420000AG |||||||||||||||||spa|d
082 0 4 |a 860  |b DIA  |2 21 
100 0 |a Díaz-Plaja, Guillermo  |e author  |9 355391 
245 1 0 |a Hacia un concepto de la literatura española: ensayos elegidos 1931 1941 
300 |a 153 p 
942 |c BK 
945 |d 19960322 00:00:00  |a rleighto 
260 |a Buenos Aires  |b Espasa-Calpe  |c 1942 
650 0 |a Literatura española  |9 306261 
650 0 |a Ensayos españoles  |9 313128 
650 7 |a BARROCO EN LA LITERATURA  |2 CL-VaPUC  |9 346603 
650 0 |a Renacimiento  |9 255107 
650 7 |a POESIA ESPAÑOLA SIGLO 18  |2 CL-VaPUC  |9 355392 
583 |a last modification  |c 20160817 05:35:42  |k Rodrigo Vera 
490 0 |a Colección Austral, 297 
999 |c 245203  |d 245201 
952 |0 0  |1 0  |4 0  |6 860_000000000000000_DIA_1942  |7 0  |8 A  |9 259647  |a BIBEDU  |b BIBEDU  |d 2019-11-19  |i 3184846  |o 860 DIA 1942  |p 3184846  |r 2019-11-19  |w 2019-11-19  |y BK  |k LIT